000 00388 a2200109 4500
001 ART_59803
005 20260410161812.0
008 260409a
245 1 0 _aConsecuencias del ciclo de estrés crediticio: riesgo de insolvencia y auge de crisis empresariales
100 1 _aFerro, Carlos A.
773 0 _tDoctrina Societaria y Concursal
_g- N° 432 (nov. 2023)
_wREV4298
999 _c21593
_d21593